| 000 | 01142cam a22002414a 4500 | ||
|---|---|---|---|
| 005 | 20021004080932.0 | ||
| 008 | 010305s2002 njua b 001 0 eng | ||
| 010 | _aENG-95397 | ||
| 020 |
_a9788120338319 _c375.00 |
||
| 035 | _aEN-78930 | ||
| 037 | _bDBAD/PUB | ||
| 040 | _aDPL | ||
| 082 |
_a005.133 _221 |
||
| 100 | _aJohnston, Barbara. | ||
| 245 |
_aC++ programming today / _cBarbara Johnston. |
||
| 260 |
_aNew Delhi _bPHI Learning _c2009 |
||
| 270 |
_aM-97, Connaught Circus _bNew Delhi _e110001 |
||
| 300 |
_axxiv, 634 p. : _bcol. ill. ; _c24 cm. (Pbk) _e1 computer optical disc (4 3/4 in.) |
||
| 500 | _aIncludes bibliographical references (p. 685) and index | ||
| 942 |
_2ddc _cEN _mJOH _h005.133 |
||
| 999 |
_c31638 _d31638 |
||